| 000 | 00630cab a2200205 4500 | ||
|---|---|---|---|
| 001 | WB2601-47 | ||
| 008 | 090401t1989 xxu||||| |||| 00| 0 eng d | ||
| 035 | _a(Sirsi) u46654 | ||
| 041 | _aeng | ||
| 245 | _aPension fund restrictions | ||
| 260 | _c1989 | ||
| 350 | _a0 | ||
| 490 |
_aEstates Times _vno 1025 15/12/89 p1-3 |
||
| 520 | _aChanges in DSS rules governing pension funds may `ruin` the property market according to Neil Meredith of Healey & Baker . | ||
| 650 | _aASSOCIATION OF PENSIONEER TRUSTEES | ||
| 650 | _aCITY BUSINESS CENTRES | ||
| 690 | _aPROPERTY LAW AND PRACTICE | ||
| 942 | _n0 | ||
| 948 | _c04/03/1997 | ||
| 999 |
_c29502 _d29502 |
||